| 000 | 00778nam a2200193 a 4500 | ||
|---|---|---|---|
| 001 | 000033871 | ||
| 005 | 20200930070603.0 | ||
| 008 | 110914s2008 ag 000 0 spa d | ||
| 020 | _a9789508150983 | ||
| 040 |
_aDO-SdBNP _bspa _cBNPHU |
||
| 245 | 0 | 3 |
_aLa palabra oculta : _bmonjas escritoras en la Hispanoamérica colonial / _cÍride María Rossi de Fiori ... [et al.]. |
| 260 |
_aArgentina : _bEdiciones Universidad Católica de Salta _bEditorial Biblioteca de Textos Universitarios, _c2008. |
||
| 300 |
_a547 p. ; _c24 cm. |
||
| 490 | 1 |
_aBiblioteca de textos universitarios. Sección especial _v5 |
|
| 504 | _aBibliografía: p. 531-541 | ||
| 700 | 1 |
_aRossi de Fiori, Iride _959299 |
|
| 830 | 0 |
_aBiblioteca de textos universitarios Sección especial _v5 _959300 |
|
| 049 | _aBNPD | ||
| 999 |
_c33362 _d33362 |
||